000 00686nam a2200289Ia 4500
005 20260324124103.0
008 008 260324s9999 xx 000 0 eng d
020 _a9781315603919
037 _aEBOOK
040 _aCRL
040 _beng
040 _cCRL
041 _2eng
041 _aeng
084 _qCRL
100 _aZowie Davy
_91172790
245 0 _aRecognizing Transsexuals
245 0 _bPersonal, Political and Medicolegal Embodiment
260 _bTaylor and Francis
260 _c2011
365 _a
365 _b240
856 _uhttp://www.taylorfrancis.com/books/9781315603919
942 _cEBOOK
999 _c1766895
_d1766895